| 000 | 00594nam a22001817a 4500 | ||
|---|---|---|---|
| 003 | BD-DhUL | ||
| 005 | 20170220130605.0 | ||
| 008 | 170220b 2012bg a|||| m||| 00| 0 eng d | ||
| 040 |
_aBD-DhUL _cBD-DhUL |
||
| 082 |
_a155.2 _bSUP |
||
| 100 | _aSultana, Nasima | ||
| 245 | 1 | 1 |
_aPersonality factors and marital adjustment / _bNasima Sultana. _c[PhD thesis] |
| 260 |
_aDhaka : _bUnviversity of Dhaka, _c2012. |
||
| 300 |
_a228 p. : _bill. ; |
||
| 500 | _aThesis (PhD ) -- Department of Psychology, University of Dhaka, 2012. | ||
| 504 | _aIncludes bibliographical references. | ||
| 942 |
_2ddc _cREF |
||
| 999 |
_c157236 _d157236 |
||